000 00612nam a22001937a 4500
005 20240905121019.0
010 _aENG-141651
020 _a9788178242101
_c595.00
035 _aEN-125183
037 _bDBAD
082 _a301.424
_21
100 _aMenon, Nivedita
_971118
245 _aRecovering Subversion:
_bFeminist Politics Beyond the Law/
_cBy Nivedita Menon
250 _a1
260 _aRanikhet
_bPermanent Black
_c2017
270 _a'Himalyana' , Mall Road, Ranikhet Cantt
_bRanikhet
_e263645
_mperblack@gmail.com
300 _a271p.
_c21cm.(pb)
942 _2ddc
_cEN
_h301.424
_mMEN
_e1
999 _c205592
_d205592